000 00728nam a22002177a 4500
005 20150124121545.0
008 110608t xxu||||| |||| 00| 0 eng d
020 _a0821819410
050 0 4 _aQA252.3
_bR45 2000
245 0 0 _aRepresentation theory of lie groups /
_cJeffrey Adams, David Vogan Editors.
250 _a1a. ed.
260 _aUnited States of America :
_bAmerican Mathematical Society,
_cc2000
300 _axii, 340 p. ;
_c26 cm.
490 0 _aAS/Park City Mathematical Series ;
_vv.8
504 _aBibliografía :
_bp. 337-340
650 7 _2Lemb
_aRepresentaciones de grupo (Matemáticas)
650 7 _2Lemb
_aGrupos de lie
700 1 _aAdams, Jeffrey,
_eed.
700 1 _aVogan, David,
_eed.
942 _2ddc
_cLIB
999 _c9407
_d9407